Opening Pandora's box - the Method of Measurement for Highway Works (MMHW): Part 7 -ambling through the preambles (Record no. 118381)

MARC details
000 -LEADER
fixed length control field 01510cam a2200313 4500
001 - CONTROL NUMBER
control field ABS68473
008 - FIXED-LENGTH DATA ELEMENTS--GENERAL INFORMATION
fixed length control field 041125n2004 000 0 eng u
035 ## - SYSTEM CONTROL NUMBER
System control number (Sirsi) u128153
100 ## - MAIN ENTRY--PERSONAL NAME
Personal name Mitchell, H.
245 ## - TITLE STATEMENT
Title Opening Pandora's box - the Method of Measurement for Highway Works (MMHW): Part 7 -ambling through the preambles
260 ## - PUBLICATION, DISTRIBUTION, ETC.
Date of publication, distribution, etc. 2004
490 ## - SERIES STATEMENT
Series statement Civil Engineering Surveyor
Volume/sequential designation November 2004, 35-37(3)
520 ## - SUMMARY, ETC.
Summary, etc. Describes preambles in the MMHW/MMRW as the introductory clauses that are always inserted at the beginning of a bill of quantities, even when no amendments to the method of measurement are required. They are used to set out various matters dealing with obligations, pricing, measurement, amendment, amplification and explanation of the items in the bill. Explains the various elements which are included and particularly highlights issues regarding water flow and testing. Concludes the bill of quantities is a particular document which tends to override the general method of measurement document. (See also Abs67770, Abs67769, Abs67964, Abs68163, Abs68280).
590 ## - LOCAL NOTE (RLIN)
Local note ABS
590 ## - LOCAL NOTE (RLIN)
Local note ABS
650 ## - SUBJECT ADDED ENTRY--TOPICAL TERM
Topical term or geographic name entry element MMHW
650 ## - SUBJECT ADDED ENTRY--TOPICAL TERM
Topical term or geographic name entry element PREAMBLES
650 ## - SUBJECT ADDED ENTRY--TOPICAL TERM
Topical term or geographic name entry element BILLS OF QUANTITIES
650 ## - SUBJECT ADDED ENTRY--TOPICAL TERM
Topical term or geographic name entry element MMRW
650 ## - SUBJECT ADDED ENTRY--TOPICAL TERM
Topical term or geographic name entry element SUBCONTRACTORS
650 ## - SUBJECT ADDED ENTRY--TOPICAL TERM
Topical term or geographic name entry element MCDHW
650 ## - SUBJECT ADDED ENTRY--TOPICAL TERM
Topical term or geographic name entry element CESMM
650 ## - SUBJECT ADDED ENTRY--TOPICAL TERM
Topical term or geographic name entry element CONTRACT DOCUMENTS
650 ## - SUBJECT ADDED ENTRY--TOPICAL TERM
Topical term or geographic name entry element METHODS OF MEASUREMENT
650 ## - SUBJECT ADDED ENTRY--TOPICAL TERM
Topical term or geographic name entry element CIVIL ENGINEERING
650 ## - SUBJECT ADDED ENTRY--TOPICAL TERM
Topical term or geographic name entry element HIGHWAY ENGINEERING
690 ## - LOCAL SUBJECT ADDED ENTRY--TOPICAL TERM (OCLC, RLIN)
Topical term or geographic name as entry element QUANTITY SURVEYING
9 (RLIN) 6263
942 ## - ADDED ENTRY ELEMENTS (KOHA)
Suppress in OPAC 0
Holdings
Withdrawn status Lost status Source of classification or shelving scheme Damaged status Not for loan Home library Current library Shelving location Date acquired Total Checkouts Full call number Barcode Date last seen Copy number Price effective from Koha item type
    Dewey Decimal Classification     London London Journal article 25/11/2004   ABS68473 128153-1001 06/08/2019 1 06/08/2019 Journal article